00541nam a2200193 a 4500001001300000003000900013005001700022008004100039020002300080082001500103100001500118245006900133260004400202300000900246500003500255505001000290650003200300700001500332nice12345678IN_TiNIC20260116014645.0080331s2006 lona grp 000 0 eng  a0195681134 c59500a306.6bMAD aMadan, T N aImages of the Worldb Essay on Religion, Secularism, and Culture aLondan bOxford University Press c2006 a398p aincludes index and biblioraphy2 aIndex aReligion and Society-Essays1 aMadan, T N